000 00291nam a22001337a 4500
008 180927b xxu||||| |||| 00| 0 eng d
020 _a9780631234012
041 _aeng
080 _a902
100 _a45
101 _aARK
245 _aAndean Archeology
_cSilverman.H
942 _2udc
_cBK
999 _c48550
_d48550